| 000 | 00452nam a22001577a 4500 | ||
|---|---|---|---|
| 005 | 20260116191308.0 | ||
| 008 | 260116b |||||||| |||| 00| 0 eng d | ||
| 020 | _a9780618824182 | ||
| 050 |
_aHF5635 _b.M4884 MCQ |
||
| 100 | _aMcquaig Douglas J | ||
| 245 |
_aCollege Accounting _cDouglas J. McQuaig & Patricia A. Bille |
||
| 250 | _a9th Ed. | ||
| 260 |
_aBoston _bHoughton Mifflin Company _c2008 |
||
| 650 | _2Accounting | ||
| 942 |
_2lcc _cBK _e9th Ed. _n0 |
||
| 999 |
_c8595 _d8595 |
||